Bear Shadow. (Record no. 114803)
[ view plain ]
| 000 -LEADER | |
|---|---|
| fixed length control field | 00316nam a2200133 a 4500 |
| 005 - DATE AND TIME OF LATEST TRANSACTION | |
| control field | 20140414132113.0 |
| 008 - FIXED-LENGTH DATA ELEMENTS--GENERAL INFORMATION | |
| fixed length control field | 110805s19uu xx 00 eng d |
| 050 ## - LIBRARY OF CONGRESS CALL NUMBER | |
| Classification number | ER |
| Item number | B38 1985 |
| 100 ## - MAIN ENTRY--PERSONAL NAME | |
| Personal name | Asch, Frank |
| 245 ## - TITLE STATEMENT | |
| Title | Bear Shadow. |
| 260 ## - PUBLICATION, DISTRIBUTION, ETC. (IMPRINT) | |
| Place of publication, distribution, etc | NEw York : |
| Name of publisher, distributor, etc | Scholastic, |
| Date of publication, distribution, etc | 1985. |
| Withdrawn status | Lost status | Damaged status | Home library | Current library | Shelving location | Date acquired | Source of acquisition | Total Checkouts | Full call number | Barcode | Date last seen | Price effective from | Koha item type |
|---|---|---|---|---|---|---|---|---|---|---|---|---|---|
| Munich Library | Munich Library | Easy Reading Section | 08/05/2011 | ER B38 1985 | M6702 | 04/14/2014 | 04/14/2014 | Books | |||||
| Munich Library | Munich Library | Easy Reading Section | 08/05/2011 | ER B38 1985 | M6703 | 04/14/2014 | 04/14/2014 | Books |